| 000 | 00550nmm a2200169Ia 4500 | ||
|---|---|---|---|
| 008 | 251105s9999||||xx |||||||||||||||||und|| | ||
| 020 | _a8470305395 | ||
| 041 | _aspa | ||
| 100 | _aCronbach, Lee Joseph | ||
| 245 | 0 | _aFundamentos de los test psicológicos : aplicaciones a las organizaciones, la educación y la clínica | |
| 264 |
_a[Madrid, España] : _bBiblioteca Nueva, _c1998 |
||
| 300 | _a750 páginas | ||
| 490 | _aPsicología Universidad | ||
| 650 | _aPsychology | ||
| 856 | _uhttps://public.digitaliapublishing.com/a/4466 | ||
| 942 | _cCF | ||
| 999 |
_c73106 _d73106 |
||